Top 15 Countries with Covid-19 Cases - 22 January 2021 - Statistics

General Stats
  • This quiz has been taken 36 times
  • The average score is 14 of 28
Answer Stats
country % Correct
France
94%
United States
94%
India
88%
Italy
88%
Russia
88%
United Kingdom
85%
Germany
82%
Spain
76%
Mexico
74%
Brazil
71%
Poland
56%
Netherlands
53%
Portugal
53%
Belgium
50%
Argentina
47%
Turkey
41%
Colombia
32%
Czechia
29%
Slovenia
29%
South Africa
29%
Switzerland
29%
Israel
24%
Croatia
21%
Armenia
15%
Lithuania
15%
Panama
15%
Bahrain
12%
Georgia
9%
No matching quizzes found
Score Distribution
Percent of People with Each Score
Percentile by Number Answered
Your Score History
You have not taken this quiz